Concept of Revelation in the Writings of Three Modern Indian Muslims: A Study of Ahmad Khan, Abu Al-Kalam Azad and Abu-al Mawdudi (Record no. 8892)
[ view plain ]
| 000 -LEADER | |
|---|---|
| fixed length control field | 00403nam a2200121 a 4500 |
| 082 00 - DEWEY DECIMAL CLASSIFICATION NUMBER | |
| Classification number | 297.211 DSO |
| 100 ## - MAIN ENTRY--AUTHOR NAME | |
| Author name | D`Souza, Andreas Felix |
| 245 ## - TITLE STATEMENT | |
| Title | Concept of Revelation in the Writings of Three Modern Indian Muslims: A Study of Ahmad Khan, Abu Al-Kalam Azad and Abu-al Mawdudi |
| 260 ## - PUBLICATION, DISTRIBUTION, ETC. (IMPRINT) | |
| Place of publication | Montreal |
| Name of publisher | Mcgill Univ.Inst.Of Islamic St. |
| Year of publication | 1988 |
| 300 ## - PHYSICAL DESCRIPTION | |
| Number of Pages | 341 |
| 650 ## - SUBJECT ADDED ENTRY--TOPICAL TERM | |
| Topical Term | Revelation-Islam |
| 942 ## - ADDED ENTRY ELEMENTS (KOHA) | |
| Koha item type | Reading Reference Book |
| Home library | Current library | Date acquired | Source of acquisition | Cost, normal purchase price | Full call number | Accession Number | Koha item type |
|---|---|---|---|---|---|---|---|
| Henry Martyn Institute Library | Henry Martyn Institute Library | 03/30/2017 | D`Souza, Andreas Felix | 200.00 | 297.211 DSO | 13005 | E-Books |
